000 00939nam a22002537a 4500
005 20240530110541.0
008 160508s2014 su h f b | 000 0 ara d
017 _a1434/7464
_bالسعودية . مكتبة الملك فهد الوطنية
020 _a9786038120934
040 _aEG-CaGPL
082 0 4 _221
_a613.2\
_bف غ
100 0 _aفادية يوسف عبدالمجيد
245 1 2 _aالغذاء و الجمال /
_cفادية يوسف عبدالمجيد ، نوال عبدالله البدر
250 _aط1
260 _aالرياض :
_bدار الزهراء ،
_c2013 .
300 _a244 ص :
_bصور ؛
_c24 سم .
504 _aيشتمل على ارجاعات ببليوجرافية
650 0 4 _aالتغذية
650 0 4 _aالصحة
650 0 4 _aالجمال
700 0 _aنوال عبدالله البدر
_eمؤلف مشارك
942 _2ddc
_cBK
999 _c62254
_d62254